| 000 | 00422nam a2200181Ia 4500 | ||
|---|---|---|---|
| 001 | 7858 | ||
| 005 | 20260306160526.0 | ||
| 008 | 260306t2009||||xx |||||||||||||| ||spa|| | ||
| 041 | _aESP | ||
| 082 |
_a363.25 _bC25 |
||
| 100 |
_aCano C., Donaliza _eAUT |
||
| 245 | 0 | _aAuditoría financiera forense | |
| 260 | _c2009 | ||
| 300 |
_a418 páginas : _c24 cm. |
||
| 650 | _aGEN | ||
| 654 | _aCAN | ||
| 942 |
_cLIB _dJUS _fJUS _2ddc _n |
||
| 999 |
_c7858 _d7858 |
||